Planning, estimating, and control of chemical construction projects / (Record no. 4563)
[ view plain ]
| 000 -LEADER | |
|---|---|
| fixed length control field | 00862nac a22002291u 4500 |
| 010 ## - LIBRARY OF CONGRESS CONTROL NUMBER | |
| LC control number | 95000124 |
| 020 ## - INTERNATIONAL STANDARD BOOK NUMBER | |
| International Standard Book Number | 0824793595 (hard cover : acid-free) |
| 082 00 - DEWEY DECIMAL CLASSIFICATION NUMBER | |
| Classification number | 690.54 |
| Item number | N321 |
| 090 ## - LOCALLY ASSIGNED LC-TYPE CALL NUMBER (OCLC); LOCAL CALL NUMBER (OCLC) | |
| -- | 4563 |
| -- | 4563 |
| 100 ## - MAIN ENTRY--PERSONAL NAME | |
| Personal name | Navarrete, Pablo F., |
| 245 10 - TITLE STATEMENT | |
| Title | Planning, estimating, and control of chemical construction projects / |
| Statement of responsibility, etc | Pablo F. Navarrete. |
| 260 ## - PUBLICATION, DISTRIBUTION, ETC. (IMPRINT) | |
| Place of publication, distribution, etc | New York : |
| Name of publisher, distributor, etc | M. Dekker, |
| Date of publication, distribution, etc | c1995. |
| 300 ## - PHYSICAL DESCRIPTION | |
| Extent | xv, 324 p. ; |
| Dimensions | 24 cm. |
| 490 1# - Series Statement | |
| Series statement | Chemical industries ; |
| Volume/sequential designation | 63 |
| 490 1# - Series Statement | |
| Series statement | Cost engineering ; |
| Volume/sequential designation | 22 |
| 500 ## - GENERAL NOTE | |
| General note | Includes index. |
| 650 #0 - SUBJECT ADDED ENTRY--TOPICAL TERM | |
| Topical term or geographic name as entry element | Chemical plants |
| General subdivision | Design and construction. |
| 830 #0 - SERIES ADDED ENTRY--UNIFORM TITLE | |
| Uniform title | Chemical industries ; |
| 830 #0 - SERIES ADDED ENTRY--UNIFORM TITLE | |
| Uniform title | Cost engineering (Marcel Dekker, Inc.) ; |
| 942 ## - ADDED ENTRY ELEMENTS (KOHA) | |
| Item type | Book - Borrowing |
| Call number prefix | 690.54N321 |
| Withdrawn status | Item status | Damaged status | Not for loan | Home library | Current library | Shelving location | Date acquired | Source of acquisition | Total Checkouts | Full call number | Barcode | Date last seen | Koha item type |
|---|---|---|---|---|---|---|---|---|---|---|---|---|---|
| Central Library | Central Library | First floor | 07/09/2010 | Purchase | 690.54 NAV | 000005702 | 15/07/2025 | Book - Borrowing |